Russian Cities by their Soviet Names - Statistics

General Stats
  • This quiz has been taken 105 times
  • The average score is 6 of 15
Answer Stats
Soviet city name Russian city name % Correct
Leningrad Saint Petersburg
100%
Stalingrad Volgograd
86%
Gorky Nizhny Novgorod
74%
Sverdlovsk Yekaterinburg
69%
Kuybyshev Samara
54%
Molotov Perm
46%
Kalinin Tver
30%
Ordzhonikidze/Dzaudzhikau Vladikavkaz
24%
Petrovsk-Port Makhachkala
23%
Chkalov Orenburg
20%
Ustinov Izhevsk
18%
Voroshilovsk Stavropol
16%
Brezhnev Naberezhnye Chelny
9%
Kaliningrad Korolyov
8%
Stalinsk Novokuznetsk
8%
No matching quizzes found
Score Distribution
Percent of People with Each Score
Percentile by Number Answered
Your Score History
You have not taken this quiz